Sinh thái học và việc quản lý nguồn lợi thiên nhiên viết theo quan điểm toán học

में बचाया:
ग्रंथसूची विवरण
मुख्य लेखक: K Watt
स्वरूप: पुस्तक
भाषा:Undetermined
प्रकाशित: Hà Nội KHKT 1976
विषय:
टैग : टैग जोड़ें
कोई टैग नहीं, इस रिकॉर्ड को टैग करने वाले पहले व्यक्ति बनें!
Thư viện lưu trữ: Trung tâm Học liệu Trường Đại học Cần Thơ
LEADER 00526nam a2200169Ia 4500
001 CTU_7940
008 210402s9999 xx 000 0 und d
082 |a 574.5 
082 |b W545 
100 |a K Watt 
245 0 |a Sinh thái học và việc quản lý nguồn lợi thiên nhiên viết theo quan điểm toán học 
245 0 |c K Watt, Phan Thế Việt 
260 |a Hà Nội 
260 |b KHKT 
260 |c 1976 
650 |a ecology 
980 |a Trung tâm Học liệu Trường Đại học Cần Thơ